书目信息 |
| 题名: |
经济发展理论:对于利润 资本 信贷 利息和经济周期的考察
|
|
| 作者: | [美]熊彼特著 叶虎 译 | |
| 分册: | ||
| 出版信息: | 北京 商务印书馆 1990.06 |
|
| 页数: | 306页 | |
| 开本: | 32开 | |
| 丛书名: | ||
| 单 册: | ||
| 中图分类: | F014.6 | |
| 科图分类: | ||
| 主题词: | 政治经济学--概论 | |
| 电子资源: | ||
| ISBN: | 7-100-00605-8 | |
| 000 | 00679nam0 2200193 45 | |
| 001 | 0009190987 | |
| 005 | 20000919093938.3 | |
| 010 | @a7-100-00605-8@d13.50元 | |
| 100 | @a20000919d1990 km y0chiy0120 ea | |
| 101 | 0 | @achi |
| 105 | @a z 000yy | |
| 200 | 1 | @a经济发展理论:对于利润 资本 信贷 利息和经济周期的考察@AJing Ji Fa Zhan Li Lun:Dui Yu Li Run Zi Ben Xin Dai Li Xi He Jing Ji Zhou Qi De Kao Cha@f[美]熊彼特著 叶虎译@F[Mei]Xiong Bi Te Zhu Ye Hu Yi |
| 210 | @a北京@c商务印书馆@d1990.06 | |
| 215 | @a306页@d32开 | |
| 606 | 0 | @a政治经济学@x概论 |
| 690 | @aF014.6@v3 | |
| 701 | 0 | @a[美]熊彼特著 叶虎@4译 |
| 801 | @aCN@bPftUser@c20000919 | |
| 905 | @b148107-109@dF014.6@eX131@f3 | |
| 经济发展理论:对于利润 资本 信贷 利息和经济周期的考察/[美]熊彼特著 叶虎译.-北京:商务印书馆,1990.06 |
| 306页;32开 |
| ISBN 7-100-00605-8:13.50元 |
| ● |
| 相关链接 |
|
|
|
正题名:经济发展理论:对于利润资本信贷利息和经济
索取号:F014.6/X131
 
预约/预借
| 序号 | 登录号 | 条形码 | 馆藏地/架位号 | 状态 | 备注 |
| 1 | 148107 | 201481075 | 社科二线422/409社科库 62排3列4层/ [索取号:F014.6/X131] | 在馆 | |
| 2 | 148108 | 201481084 | 社科二线422/409社科库 62排3列4层/ [索取号:F014.6/X131] | 在馆 | |
| 3 | 148109 | 201481093 | 社科库409/409社科库 62排3列4层/ [索取号:F014.6/X131] | 在馆 |